|
|
|
|
| LEADER |
01169nam a22003017a 4500 |
| 001 |
35719 |
| 003 |
BD-DhAAL |
| 005 |
20211129154054.0 |
| 008 |
190922t2006 enka|||| b||| 001 0 eng d |
| 999 |
|
|
|c 41340
|d 41340
|
| 020 |
|
|
|a 9781412911726
|
| 020 |
|
|
|a 9781412911733
|
| 020 |
|
|
|a 1412911737
|
| 020 |
|
|
|a 1412911729
|
| 040 |
|
|
|a BD-DhAAL
|
| 082 |
|
|
|a 378.242
|
| 100 |
|
|
|a Hilary Burgess,
|d 1954-
|9 35003
|
| 245 |
|
|
|a Achieving your doctorate in education /
|c Hilary Burgess, Sandy Sieminski and Lore Arthur.
|
| 260 |
|
|
|a London ;
|a Thousand Oaks ;
|a New Delhi ;
|a Open University :
|b SAGE,
|c 2006
|
| 300 |
|
|
|a viii, 132 pages ;
|b illustrations :
|c 24 cm.
|
| 526 |
|
|
|a BIED
|
| 541 |
|
|
|a Complimentary copy from BIED
|e 35719
|
| 650 |
|
|
|a Doctor of education degree
|9 35004
|
| 650 |
|
|
|a Dissertations, Academic
|9 35005
|
| 650 |
|
|
|a Education
|x Research
|x Methodology
|9 35006
|
| 852 |
|
|
|a Ayesha Abed Library
|c BIED Collection
|
| 942 |
|
|
|2 ddc
|c BK
|
| 952 |
|
|
|0 0
|1 0
|2 ddc
|4 0
|6 378_242000000000000_HIL
|7 0
|9 66443
|a BRACUL
|b BRACUL
|c GEN
|d 2019-09-22
|e Complimentary copy from BIED
|l 0
|o 378.242 HIL
|p 3010035719
|r 2019-09-22
|t 1
|w 2019-09-22
|y BK
|x Transferred from BIED to General Stacks
|